| 000 | 01976cam a22003731i 4500 | ||
|---|---|---|---|
| 003 | SA-RiAUC | ||
| 005 | 20250805063451.0 | ||
| 008 | 250802s2006 ua g b 00110 ara c | ||
| 020 | _a977604834X | ||
| 020 | _a9960494136 | ||
| 040 |
_aSA-JeKAU _bara _cSA-RiAUC _erda |
||
| 050 | 4 | _b.M37 2006 | |
| 082 | 0 | 4 |
_a252.5 _qSA-RiAUC |
| 090 |
_a252.5 _bم ر ع |
||
| 100 | 1 |
_aمرعي الكرمي، مرعي بن يوسف بن أبي بكر، _dتوفي 1033 هجري _eمؤلف. |
|
| 245 | 1 | 0 |
_aمحرك سواكن الغرام إلى حج بيت الله الحرام وزيارة قبر النبي عليه الصلاة والسلام / _cتأليف مرعي بن يوسف بن أبي بكر المقدسي الحنبلي ؛ دراسة وتحقيق محمد بن عبد الله باجودة، عبد الرحمن بن محمد الحذيفي. |
| 250 | _aالطبعة الأولى. | ||
| 264 | 1 |
_aالقاهرة : _bدار القاهرة، _c2006 |
|
| 300 |
_a373 صفحة ؛ _c24 سم |
||
| 336 |
_aنص _btxt _2rdacontent _3كتاب |
||
| 337 |
_aبدون وسيط _bn _2rdamedia |
||
| 338 |
_aمجلد _bnc _2rdacarrier |
||
| 500 | _aيشتمل على كشاف الآيات القرآنية. | ||
| 504 | _aببليوجرافية : صفحة 343-370. | ||
| 610 | 2 | 7 |
_aالمسجد النبوي الشريف _2aucnm |
| 650 | 7 |
_aالحج _2aucsh |
|
| 650 | 7 |
_aالعمرة _2aucsh |
|
| 650 | 7 |
_aالحج (فقه إسلامي) _2aucsh |
|
| 700 | 1 | 2 |
_iتحقيق لـ (عمل) : _aمرعي الكرمي، مرعي بن يوسف بن أبي بكر، _dتوفي 1033 هجري. _tمحرك سواكن الغرام إلى حج بيت الله الحرام وزيارة قبر النبي عليه الصلاة والسلام |
| 700 | 1 |
_aالحذيفي، عبد الرحمن بن محمد _eمحقق. |
|
| 700 | 1 |
_aباجودة، محمد عبد الله علي، _d1379 هجري- _eمحقق. |
|
| 942 |
_2ddc _cBOOK _n0 |
||
| 949 |
_aSA-JeALM _d250802 _umohamedma123 _n1 |
||
| 999 |
_c10555 _d10555 |
||